000 00678nam a2200217 a 4500
999 _c3713
_d3713
001 3713
003 BD-JhCC
005 20180304090202.0
008 171116s1985 b ||||| |||| 00| 0 b d
035 _a(BD-JhCC)
040 _aBD-JhCC
_dBD-JhCC
041 _aben
082 _a951
_bHOS 1985
100 _aহোসেন, সৈয়দ আনোয়ার
245 _aপ্রাচীন চীন সভ্যতা /
_cসৈয়দ আনোয়ার হোসেন
260 _aঢাকা :
_bবাংলা একাডেমী,
_c১৯৮৫
300 _a104 p. :
_c20cm.
650 _aChinase civilization
942 _2ddc
_cBK